GUIDEBOOK FOR DRUG REGULATORY SUBMISSIONS (Record no. 8293)

MARC details
000 -LEADER
fixed length control field 00421nam a22001697a 4500
005 - DATE AND TIME OF LATEST TRANSACTION
control field 20230415111419.0
008 - FIXED-LENGTH DATA ELEMENTS--GENERAL INFORMATION
fixed length control field 230414b |||||||| |||| 00| 0 eng d
020 ## - INTERNATIONAL STANDARD BOOK NUMBER
ISBN 978-0-470-37138-1
041 ## - LANGUAGE CODE
Language code of text/sound track or separate title eng
082 ## - DEWEY DECIMAL CLASSIFICATION NUMBER
Classification number 610 WEI-G
100 ## - MAIN ENTRY--AUTHOR NAME
Personal name WEINBERG, SANDY
245 ## - TITLE STATEMENT
Title GUIDEBOOK FOR DRUG REGULATORY SUBMISSIONS
260 ## - PUBLICATION, DISTRIBUTION, ETC. (IMPRINT)
Name of publisher WILEY
300 ## - PHYSICAL DESCRIPTION
Number of Pages 379;P.
650 ## - SUBJECT ADDED ENTRY--TOPICAL TERM
Topical Term PHARMACY
General subdivision B. PHARMA
942 ## - ADDED ENTRY ELEMENTS (KOHA)
Koha item type Books
Holdings
Lost status Damaged status Collection code Home library Current library Shelving location Date acquired Source of acquisition Cost, normal purchase price Full call number Accession Number Koha item type
    Reference JRU Library JRU Library SHELF-3-B 13/04/2023 LOHIA BOOK INTERNATIONAL 11327.00 610 WEI-G 27696 Books